[Event "SVK-ch U08"]
[Site "Tatralandia"]
[Date "2024.04.06"]
[Round "2"]
[White "Hadidom, Peter"]
[Black "Petrovic, Artur"]
[Result "0-1"]
[WhiteElo "1000"]
[BlackElo "1000"]
[PlyCount "70"]
[EventDate "2024.04.05"]
[EventType "swiss"]
[EventRounds "9"]
[EventCountry "SVK"]
[SourceTitle "CB16_2024"]
[SourceDate "2024.04.17"]
[SourceVersion "1"]
[SourceVersionDate "2024.04.17"]
[SourceQuality "1"]

1. g3 e6 2. Bg2 d5 3. e3 Nc6 4. Ne2 e5 5. 0-0 d4 6. b3 Nf6 7. Ba3 Bf5 8. d3 dxe3 9. fxe3 Qd7 10. h3 Bxh3 11. Bxh3 Qxh3 12. Rf2 Ng4 13. Qf1 Qh5 14. d4 Be7 15. Bxe7 Kxe7 16. Rg2 Nb4 17. dxe5 Nxc2 18. Nf4 Qh6 19. Rxc2 Nxe3 20. Nd5+ Nxd5 21. Rh2 Qe3+ 22. Qf2 Qc1+ 23. Kg2 Ne3+ 24. Kf3 Nd5 25. Kg4 Qd1+ 26. Kh3 Rhd8 27. g4 Nc3 28. Qh4+ Ke8 29. Qxh7 Rd3+ 30. Kh4 Rd4 31. Rg2 Qe1+ 32. Rg3 Ke7 33. Qxg7 Ne4 34. Nc3 Qxg3+ 35. Kh5 Qh3# 0-1